Meteorological instruments

Đã lưu trong:
書目詳細資料
格式: 圖書
語言:Undetermined
出版: Wageningen Agriculture University
主題:
標簽: 添加標簽
沒有標簽, 成為第一個標記此記錄!
Thư viện lưu trữ: Trung tâm Học liệu Trường Đại học Cần Thơ
LEADER 00424nam a2200145Ia 4500
001 CTU_29919
008 210402s9999 xx 000 0 und d
082 |a 551.515 
082 |b M589 
245 0 |a Meteorological instruments 
260 |a Wageningen 
260 |b Agriculture University 
650 |a meteorological instruments,meteorology 
904 |i Liên, 981223 
980 |a Trung tâm Học liệu Trường Đại học Cần Thơ